O jazykovej výstavbe textu

Bibliographic Details
Main Author: Bajzíková, Eugénia, 1937- (Author)
Format: Article
Language:Slovak
Subjects:

MARC

LEADER 00000nab a2200000 a 4500
001 vtls000210841
003 SK-MaSNL
005 20260304030531.0
008 140905c1984 xo 0 slo
015 |a SNBRB19rr/mm-uuuuu 
035 |a CL0220954 
040 |a SNKBUCL  |b slo  |c SNKBUCL  |e AACR2 
041 0 |a slo 
044 |a xo  |c SK 
080 |a 801.56  |2 1981 
100 1 |a Bajzíková, Eugénia,  |d 1937-  |4 aut  |9 97586 
245 1 0 |a O jazykovej výstavbe textu  |c Eugénia Bajzíková 
650 0 7 |a textová syntax  |2 snkbucl  |9 74007 
655 7 |a články z novín a časopisov  |2 snkbucl  |9 267496 
773 0 |t Slovenský jazyk a literatúra v škole  |g Roč. 30, č. 6 (1983/1984), s. 164-167 
850 |a Slovenská národná knižnica v Martine  |a MTA001 
852 |a SNK  |b KIS3GCP 
958 |a RK 
992 |a RBX 
999 |c 2634496  |d 2636426